El DABS y los caminos a la inclusión social / (Registro nro. 30967)
[ vista simple ]
| 000 -LEADER | |
|---|---|
| fixed length control field | 01286nam a22002777a 4500 |
| 003 - CONTROL NUMBER IDENTIFIER | |
| control field | OSt |
| 005 - DATE AND TIME OF LATEST TRANSACTION | |
| control field | 20250416075641.0 |
| 008 - FIXED-LENGTH DATA ELEMENTS--GENERAL INFORMATION | |
| fixed length control field | 250416b |||a|||| |||| 00| 0 spa d |
| 020 ## - INTERNATIONAL STANDARD BOOK NUMBER | |
| International Standard Book Number | 9589693393 |
| 020 ## - INTERNATIONAL STANDARD BOOK NUMBER | |
| International Standard Book Number | 9588223199 (Tomo 1) |
| 020 ## - INTERNATIONAL STANDARD BOOK NUMBER | |
| International Standard Book Number | 9588223202 (Tomo 2) |
| 020 ## - INTERNATIONAL STANDARD BOOK NUMBER | |
| International Standard Book Number | 9588223210 (Tomo 3) |
| 037 ## - SOURCE OF ACQUISITION | |
| Source of stock number/acquisition | Donación |
| 040 ## - CATALOGING SOURCE | |
| Original cataloging agency | CO-JMCR |
| Transcribing agency | CO-JMCR |
| Language of cataloging | spa |
| Modifying agency | CO-JMCR |
| Description conventions | rda |
| 041 0# - LANGUAGE CODE | |
| Language code of text/sound track or separate title | spa |
| 082 04 - DEWEY DECIMAL CLASSIFICATION NUMBER | |
| Classification number | 362.986 |
| Item number | B64d |
| Edition number | 23 |
| 110 1# - MAIN ENTRY--CORPORATE NAME | |
| Corporate name or jurisdiction name as entry element | Bogotá (Colombia). |
| Subordinate unit | Alcaldía Mayor. |
| -- | Departamento Administrativo De Bienestar Social. |
| 9 (RLIN) | 43864 |
| 245 13 - TITLE STATEMENT | |
| Title | El DABS y los caminos a la inclusión social / |
| Statement of responsibility, etc. | Departamento Administrativo de Bienestar Social ; redacción y compilación María Cristina Hurtado Sáenz ... [et al.] ; fotografías Juan José Carrillo ... [et al.]. |
| 250 ## - EDITION STATEMENT | |
| Edition statement | Coordinación editorial Mariana Schmidt Q. |
| 260 ## - PUBLICATION, DISTRIBUTION, ETC. | |
| Place of publication, distribution, etc. | Bogotá : |
| Name of publisher, distributor, etc. | Departamento Administrativo de Bienestar Social, |
| Date of publication, distribution, etc. | 2003. |
| 300 ## - PHYSICAL DESCRIPTION | |
| Extent | 3 volúmenes : |
| Other physical details | ilustraciones ; |
| Dimensions | 28 cm. |
| 505 0# - FORMATTED CONTENTS NOTE | |
| Formatted contents note | v.1 Balance del Plan estratégico 2001-2003. -- v.2 Balance de la gestión de los proyectos 2001-2003. -- v.3 Balance de la gestión de las localidades 2001-2003. |
| 700 1# - ADDED ENTRY--PERSONAL NAME | |
| Personal name | Schmidt Q. Mariana, |
| Relator term | editora, |
| 9 (RLIN) | 44117 |
| 700 1# - ADDED ENTRY--PERSONAL NAME | |
| Personal name | Carrillo, Juan José, |
| Relator term | fotógrafo, |
| 9 (RLIN) | 44118 |
| 942 ## - ADDED ENTRY ELEMENTS (KOHA) | |
| Source of classification or shelving scheme | Dewey Decimal Classification |
| Koha item type | Books |
| Withdrawn status | Lost status | Source of classification or shelving scheme | Damaged status | Not for loan | Collection code | Home library | Current library | Shelving location | Date acquired | Source of acquisition | Total Checkouts | Full call number | Barcode | Date last seen | Copy number | Price effective from | Koha item type |
|---|---|---|---|---|---|---|---|---|---|---|---|---|---|---|---|---|---|
| Dewey Decimal Classification | Non-fiction | Biblioteca Pública José María del Castillo y Rada | Biblioteca Pública José María del Castillo y Rada | Book Cart | 05/14/2024 | Donación | 362.986 B64d | 201812355 | 04/16/2025 | Ej.1 | 04/16/2025 | Books | |||||
| Dewey Decimal Classification | Non-fiction | Biblioteca Pública José María del Castillo y Rada | Biblioteca Pública José María del Castillo y Rada | Book Cart | 05/14/2024 | Donación | 362.986 B64d | 201812354 | 04/16/2025 | v.1 Ej.1 | 04/16/2025 | Books | |||||
| Dewey Decimal Classification | Non-fiction | Biblioteca Pública José María del Castillo y Rada | Biblioteca Pública José María del Castillo y Rada | Book Cart | 05/14/2024 | Donación | 362.986 B64d | 201812353 | 04/16/2025 | Ej.1 | 04/16/2025 | Books | |||||
| Dewey Decimal Classification | Non-fiction | Biblioteca Pública José María del Castillo y Rada | Biblioteca Pública José María del Castillo y Rada | Book Cart | 05/14/2024 | Donación | 362.986 B64d | 201812352 | 04/16/2025 | v.3 Ej.1 | 04/16/2025 | Books |